Statistics for Dora the Explorer Franchise

Click here to take the quiz!

General Stats

  • This quiz has been taken 77 times
  • The average score is 3 of 12

Answer Stats

TypeYearNameInfo% Correct
TV Show2000-PresentDora the ExplorerNickelodeon
94%
TV Show2005-2011Go, Diego, Go!Nickelodeon / Nick Jr.
48%
TV Show2014-2017Dora and Friends: Into the City!Nickelodeon
44%
Film2019Dora and the Lost City of GoldParamount
36%
Video Game2003Dora the Explorer: Barnyard BuddiesGotham Games
20%
Video Game2009Dora Puppy2K Play
16%
Video Game2008Dora Saves the Snow Princess????
16%
Video Game2005Dora the Explorer: Journey to the Purple PlanetGlobal Star
16%
Video Game2010Dora's Cooking Club2K Play
14%
Video Game2009Dora the Explorer: Dora Saves the Crystal Kingdom2K Games
14%
Video Game2007Dora the Explorer: Dora Saves the MermaidsBlack Lantern Studios / Totally Games
14%
Video Game2004Dora the Explorer: Super Star AdventuresGlobal Star
12%

Score Distribution

Percentile by Number Answered

Percent of People with Each Score

Your Score History

You have not taken this quiz